[Event "DEM U18 2004"]
[Site "Willingen GER"]
[Date "2004.06.01"]
[Round "4"]
[White "Trapp, Sascha"]
[Black "Laßan, Christian"]
[Result "1/2-1/2"]
[Termination "normal"]
[Board "10"]
[WhiteElo "1950"]
[BlackElo "2074"]
[PlyCount "91"]
[BlackFideId "4685997"]
[EventCountry "GER"]
[EventRounds "9"]
[EventType "swiss"]
[EventDate "2004.05.29"]

1. e4 c6 2. d4 d5 3. Nc3 dxe4 4. Nxe4 Nf6 5. Nxf6+ gxf6 6. Bc4 Bf5 7. Ne2 e6 8.
h4 h5 9. Bf4 Bd6 10. Qd2 Qc7 11. O-O-O Nd7 12. Bxd6 Qxd6 13. Bd3 Bxd3 14. Qxd3
O-O-O 15. g3 f5 16. Nf4 Nf6 17. c3 Nd5 18. Ne2 Rhg8 19. c4 Nf6 20. Nf4 Rg4 21.
Qe2 Qb4 22. Qc2 Kb8 23. Kb1 Rgg8 24. Qe2 Ka8 25. Nxh5 Nxh5 26. Qxh5 Qxc4 27.
Qxf7 Rg4 28. Qf6 Rgg8 29. Rhe1 Rge8 30. Qe5 Rd5 31. Qe2 Qa4 32. Qe3 Ra5 33. a3
Qb5 34. Qd3 Qb6 35. Qc3 Rb5 36. Re5 Rb3 37. Qc2 Rxa3 38. Qc5 Qb3 39. Qxa3 Qxd1+
40. Ka2 Qxd4 41. Re3 Qc4+ 42. Rb3 c5 43. Qa5 Qd5 44. Qc7 Rb8 45. h5 Qc4 46. h6
1/2-1/2

[Event "DEM U18 2004"]
[Site "Willingen GER"]
[Date "2004.06.01"]
[Round "4"]
[White "Peters, Stefan"]
[Black "Schulenburg, Fabian"]
[Result "0-1"]
[Termination "normal"]
[Board "11"]
[WhiteElo "1892"]
[BlackElo "2030"]
[PlyCount "98"]
[EventCountry "GER"]
[EventRounds "9"]
[EventType "swiss"]
[EventDate "2004.05.29"]

1. e4 d5 2. exd5 Qxd5 3. Nc3 Qa5 4. d4 c6 5. Bc4 Bf5 6. Bd2 e6 7. Nf3 Nf6 8.
Qe2 Bb4 9. a3 Nbd7 10. O-O Bxc3 11. Bxc3 Qc7 12. Bb3 O-O 13. Ne5 Nxe5 14. dxe5
Ne4 15. f4 h5 16. Bd4 Rfd8 17. c3 c5 18. Be3 Bg4 19. Qe1 Qc6 20. h3 Bf5 21. Rd1
Qb6 22. Rxd8+ Rxd8 23. Bd1 Qxb2 24. Bxh5 Nxc3 25. Bxc5 Ne4 26. Qb4 Rd2 27. Qxb2
Rxb2 28. Bd4 Rb3 29. Rf3 Rb1+ 30. Kh2 Nd2 31. Rf2 Nf1+ 32. Kh1 Ng3+ 33. Kh2
Nf1+ 34. Kh1 Ng3+ 35. Kh2 Nxh5 36. g4 Be4 37. gxh5 b6 38. Re2 Rh1+ 39. Kg3 Bf5
40. Rh2 Rd1 41. Bb2 Rd3+ 42. Kh4 Kh7 43. Bc1 Kh6 44. Bd2 a5 45. a4 Ra3 46. Be1
Rxa4 47. Bg3 g6 48. hxg6 fxg6 49. Rb2 g5# 0-1

[Event "DEM U18 2004"]
[Site "Willingen GER"]
[Date "2004.06.01"]
[Round "4"]
[White "Mischke, Christian"]
[Black "Engelmann, Jakob"]
[Result "1/2-1/2"]
[Termination "normal"]
[Board "12"]
[WhiteElo "1782"]
[BlackElo "1909"]
[PlyCount "79"]
[BlackFideId "24619019"]
[EventCountry "GER"]
[EventRounds "9"]
[EventType "swiss"]
[EventDate "2004.05.29"]

1. d4 Nf6 2. Nf3 g6 3. c3 Bg7 4. Bf4 d6 5. e3 O-O 6. Bd3 Nbd7 7. O-O Re8 8. e4
e5 9. Bg5 h6 10. Bxf6 Nxf6 11. d5 Nh5 12. g3 Bg4 13. Be2 f5 14. Nh4 Bxe2 15.
Qxe2 Qg5 16. Ng2 f4 17. Nd2 Rf8 18. Kh1 Rf7 19. Ne1 Raf8 20. Nef3 Qg4 21. Ng1
Qg5 22. Ngf3 Qg4 23. Ng1 Qd7 24. Kg2 Nf6 25. h3 h5 26. Ndf3 Bh6 27. h4 Nh7 28.
Qd1 fxg3 29. fxg3 Qg4 30. Qd3 g5 31. hxg5 Bxg5 32. Nh2 Qd7 33. Rxf7 Rxf7 34.
Rf1 h4 35. Rxf7 Qxf7 36. Qf3 hxg3 37. Qxf7+ Kxf7 38. Nf1 Nf6 39. Nxg3 Bf4 40.
N1e2 1/2-1/2

[Event "DEM U18 2004"]
[Site "Willingen GER"]
[Date "2004.06.01"]
[Round "4"]
[White "Sbierski, Jan"]
[Black "Willert, Christof"]
[Result "1/2-1/2"]
[Termination "normal"]
[Board "13"]
[WhiteElo "1859"]
[BlackElo "1673"]
[PlyCount "71"]
[EventCountry "GER"]
[EventRounds "9"]
[EventType "swiss"]
[EventDate "2004.05.29"]

1. d4 d5 2. Nc3 e6 3. Nf3 Be7 4. Bf4 c6 5. Qd3 Nf6 6. e4 dxe4 7. Nxe4 Nxe4 8.
Qxe4 Qd5 9. Bd3 Qxe4+ 10. Bxe4 Nd7 11. O-O-O Nf6 12. Bd3 O-O 13. c4 b6 14. Ne5
Bb7 15. Bg5 Rfe8 16. Bxf6 Bxf6 17. Be4 Rac8 18. f4 Be7 19. Rhe1 Ba8 20. Re2 Bd6
21. g3 Red8 22. Red2 Re8 23. a3 c5 24. Bxa8 Rxa8 25. dxc5 Bxc5 26. Rd7 f6 27.
Nc6 a5 28. Rc7 Rac8 29. Rxc8 Rxc8 30. Rd8+ Rxd8 31. Nxd8 Bg1 32. h3 e5 33. fxe5
fxe5 34. Kd2 Kf8 35. Kd3 Ke7 36. Nc6+ 1/2-1/2

[Event "DEM U18 2004"]
[Site "Willingen GER"]
[Date "2004.06.01"]
[Round "5"]
[White "Heinz, Axel"]
[Black "Degtiarev, Jewgeni"]
[Result "1-0"]
[Termination "normal"]
[Board "1"]
[WhiteElo "2244"]
[BlackElo "2284"]
[PlyCount "135"]
[WhiteFideId "4667557"]
[BlackFideId "4149610"]
[EventCountry "GER"]
[EventRounds "9"]
[EventType "swiss"]
[EventDate "2004.05.29"]

1. e4 c5 2. Nf3 d6 3. c3 Nf6 4. Bd3 Bd7 5. O-O Bc6 6. Re1 e6 7. Bc2 Nbd7 8. d4
Be7 9. Nbd2 h6 10. e5 dxe5 11. dxe5 Nd5 12. Ne4 b5 13. Qe2 Qb8 14. Ng3 Qb7 15.
a4 b4 16. Bd2 a5 17. Bd3 g5 18. h3 Rg8 19. cxb4 Nf4 20. Bxf4 Bxf3 21. gxf3 gxf4
22. Be4 Qb8 23. Bxa8 Qxa8 24. Kh2 fxg3+ 25. fxg3 cxb4 26. Red1 Nc5 27. Rac1 Qb7
28. Rc4 Na6 29. Qe4 Qb8 30. Qc6+ Kf8 31. Qxa6 Qxe5 32. Rc8+ Kg7 33. Rxg8+ Kxg8
34. Rd2 Bh4 35. Rg2 Bf6 36. Qb5 Qc7 37. Rd2 Kg7 38. Kg2 Qc1 39. Qe2 b3 40. Rd1
Qc6 41. Qe4 Qc5 42. Qd3 Qb6 43. Re1 Qb8 44. Re2 Kf8 45. Qc4 Qb6 46. Rd2 Qe3 47.
Qd3 Qg5 48. h4 Qg7 49. Qxb3 Be5 50. g4 Qf6 51. Qe3 Bxb2 52. Qb6 Be5 53. Qd8+
Kg7 54. Qxf6+ Kxf6 55. Rd7 Kg6 56. Ra7 Bc3 57. Ra6 Kf6 58. f4 Kg7 59. Kf3 Kg6
60. Ke4 Kf6 61. Rc6 Be1 62. Rc5 Kg6 63. Rb5 Kf6 64. f5 Bc3 65. Kd3 Be1 66. g5+
hxg5 67. hxg5+ Kxg5 68. fxe6+ 1-0

[Event "DEM U18 2004"]
[Site "Willingen GER"]
[Date "2004.06.01"]
[Round "5"]
[White "Lammers, Markus"]
[Black "Eisenbeiser, Amadeus"]
[Result "1-0"]
[Termination "normal"]
[Board "2"]
[WhiteElo "2148"]
[BlackElo "2229"]
[PlyCount "111"]
[WhiteFideId "4680847"]
[BlackFideId "4678338"]
[EventCountry "GER"]
[EventRounds "9"]
[EventType "swiss"]
[EventDate "2004.05.29"]

1. e4 d6 2. d4 g6 3. Nc3 Bg7 4. g3 Nc6 5. d5 Nb8 6. Bg2 Nf6 7. Nge2 O-O 8. O-O
c6 9. h3 cxd5 10. exd5 Na6 11. Nb5 Nc7 12. Nxc7 Qxc7 13. Be3 Bf5 14. Rc1 Be4
15. c4 Bxg2 16. Kxg2 e6 17. dxe6 fxe6 18. Nd4 Qd7 19. Qe2 e5 20. Nb5 a6 21. Nc3
d5 22. cxd5 b5 23. Qd3 b4 24. Ne4 Qxd5 25. Qxd5+ Nxd5 26. Bg5 Rfc8 27. Rfd1
Rxc1 28. Rxc1 a5 29. Rc5 Nb6 30. Rc6 Nd5 31. Rd6 Nc7 32. Rd8+ Rxd8 33. Bxd8 Nd5
34. Bxa5 Bf8 35. Bd8 Kf7 36. Bg5 Ke6 37. Kf3 h6 38. Be3 Nxe3 39. Kxe3 Kd5 40.
Kd3 Be7 41. f3 Bf8 42. Nd2 Bc5 43. g4 Bd4 44. Nc4 h5 45. Ne3+ Ke6 46. b3 hxg4
47. fxg4 Bxe3 48. Kxe3 g5 49. Ke4 Kd6 50. Kf5 Kd5 51. h4 gxh4 52. g5 Kd6 53.
Kg4 Ke6 54. Kxh4 Kf5 55. Kh5 e4 56. g6 1-0

[Event "DEM U18 2004"]
[Site "Willingen GER"]
[Date "2004.06.01"]
[Round "5"]
[White "Meinhardt, Maximilian"]
[Black "Krämer, Martin"]
[Result "1-0"]
[Termination "normal"]
[Board "3"]
[WhiteElo "2285"]
[BlackElo "2243"]
[PlyCount "80"]
[WhiteFideId "4668766"]
[BlackFideId "4671910"]
[EventCountry "GER"]
[EventRounds "9"]
[EventType "swiss"]
[EventDate "2004.05.29"]

1. e4 c5 2. Nf3 Nc6 3. Bb5 g6 4. Bxc6 dxc6 5. d3 Bg7 6. h3 Nf6 7. O-O O-O 8.
Nc3 Nd7 9. Be3 e5 10. Qd2 Re8 11. Nh2 b6 12. Bh6 Bh8 13. f4 exf4 14. Qxf4 Ne5
15. Rad1 Be6 16. Kh1 f6 17. Qg3 g5 18. h4 Nf7 19. hxg5 fxg5 20. Rxf7 Bxf7 21.
Bxg5 Be5 22. Qh4 Qc7 23. Ng4 Bg7 24. Bf6 Re6 25. e5 Bg6 26. Ne2 Bxf6 27. Nxf6+
Kg7 28. d4 Rd8 29. Nf4 Qf7 30. Nxe6+ Qxe6 31. c3 cxd4 32. cxd4 c5 33. Ng4 Rxd4
34. Qh6+ Kf7 35. Rf1+ Ke7 36. Qf8+ Kd7 37. Qg7+ Qe7 38. Nf6+ Ke6 39. Qg8+ Qf7
40. Qc8+ Kxe5 1-0

[Event "DEM U18 2004"]
[Site "Willingen GER"]
[Date "2004.06.01"]
[Round "5"]
[White "Jovalekic, Oliver"]
[Black "Holzschuh, Stephan"]
[Result "1-0"]
[Termination "normal"]
[Board "4"]
[WhiteElo "2164"]
[BlackElo "2153"]
[PlyCount "111"]
[WhiteFideId "4682530"]
[BlackFideId "4677471"]
[EventCountry "GER"]
[EventRounds "9"]
[EventType "swiss"]
[EventDate "2004.05.29"]

1. e4 c5 2. Nf3 Nc6 3. d4 cxd4 4. Nxd4 Nf6 5. Nc3 e5 6. Ndb5 d6 7. Bg5 a6 8.
Na3 b5 9. Bxf6 gxf6 10. Nd5 f5 11. c3 Bg7 12. exf5 Bxf5 13. Nc2 O-O 14. Nce3
Be6 15. Bd3 f5 16. O-O Ne7 17. Nxe7+ Qxe7 18. Bxf5 Bf7 19. Be4 Rad8 20. Bd5 Kh8
21. Bxf7 Qxf7 22. Qd5 Qg6 23. a4 Rb8 24. Rfd1 bxa4 25. Nc4 Rf4 26. Rd2 a3 27.
Nxa3 Rbf8 28. Nc4 Qf6 29. Rf1 h5 30. Nxd6 h4 31. h3 Qg6 32. f3 Bf6 33. Qe6 e4
34. Qc4 Bg5 35. Nxe4 Rxe4 36. fxe4 Be3+ 37. Rdf2 Rxf2 38. Rxf2 Bxf2+ 39. Kxf2
Qg3+ 40. Kf1 Qf4+ 41. Ke2 Qc1 42. Qd4+ Kh7 43. Qd2 Qb1 44. Kf3 Kg6 45. Qd6+ Kh5
46. Qxa6 Qxb2 47. Qa5+ Kh6 48. Qe5 Qc2 49. Qf6+ Kh5 50. Qf5+ Kh6 51. Qf4+ Kg6
52. Qxh4 Qxc3+ 53. Kg4 Qe5 54. Kf3 Qc3+ 55. Kf2 Qd4+ 56. Kf1 1-0

[Event "DEM U18 2004"]
[Site "Willingen GER"]
[Date "2004.06.01"]
[Round "5"]
[White "Döhn, Raphael"]
[Black "Walter, Stefan"]
[Result "1/2-1/2"]
[Termination "normal"]
[Board "5"]
[WhiteElo "2052"]
[BlackElo "2157"]
[PlyCount "81"]
[WhiteFideId "4695291"]
[BlackFideId "4686608"]
[EventCountry "GER"]
[EventRounds "9"]
[EventType "swiss"]
[EventDate "2004.05.29"]

1. e4 e5 2. Nc3 Nf6 3. Nf3 Nc6 4. d4 exd4 5. Nxd4 Bb4 6. Nxc6 bxc6 7. Bd3 d5 8.
exd5 cxd5 9. O-O O-O 10. Bg5 c6 11. Ne2 Bd6 12. c4 Bxh2+ 13. Kh1 Bd6 14. c5 Be7
15. Nd4 Bd7 16. b4 h6 17. Bf4 a5 18. b5 Bxc5 19. Nxc6 Bxc6 20. bxc6 Bd6 21. Qa4
Qc7 22. Be3 Rab8 23. Rab1 Bb4 24. g3 Rfe8 25. a3 Bd6 26. Rxb8 Rxb8 27. Bd2 Ra8
28. Kg2 Ne4 29. Bxe4 dxe4 30. Rc1 Qe7 31. Be3 Bxa3 32. Rc4 Bd6 33. Rxe4 Qc7 34.
Bf4 Bxf4 35. Rxf4 Rc8 36. Rc4 Qe5 37. Qd1 Rc7 38. Qd8+ Kh7 39. Qd3+ g6 40. Qf3
Kg7 41. Qd1 1/2-1/2

[Event "DEM U18 2004"]
[Site "Willingen GER"]
[Date "2004.06.01"]
[Round "5"]
[White "Schulenburg, Fabian"]
[Black "Postojev, Alexander"]
[Result "0-1"]
[Termination "normal"]
[Board "6"]
[WhiteElo "2030"]
[BlackElo "2150"]
[PlyCount "80"]
[BlackFideId "4672186"]
[EventCountry "GER"]
[EventRounds "9"]
[EventType "swiss"]
[EventDate "2004.05.29"]

1. e4 c5 2. Nf3 Nc6 3. d4 cxd4 4. Nxd4 Qb6 5. Nb3 Nf6 6. Nc3 e6 7. Be3 Qc7 8.
a3 Be7 9. Be2 a6 10. O-O d6 11. f4 b5 12. Qe1 Bb7 13. Qg3 b4 14. axb4 Nxb4 15.
e5 Nfd5 16. Nxd5 Nxd5 17. Bd4 Qxc2 18. Bh5 Ne3 19. Bxe3 Qxb3 20. f5 Bh4 21. Qf4
O-O 22. Bd2 Bd8 23. f6 dxe5 24. Qg5 g6 25. Qh6 Bxf6 26. Rxf6 Qxb2 27. Raf1 gxh5
28. R6f3 Be4 29. Rg3+ Bg6 30. Bg5 f6 31. Bxf6 Qd4+ 32. Re3 Rf7 33. Bxe5 Rxf1+
34. Kxf1 Qc4+ 35. Ke1 Qc1+ 36. Kf2 Ra7 37. Kg3 Rf7 38. h4 Qd2 39. Qg5 Rf5 40.
Qh6 Rxe5 0-1

[Event "DEM U18 2004"]
[Site "Willingen GER"]
[Date "2004.06.01"]
[Round "5"]
[White "Fiebig, Thomas"]
[Black "Koller, Jens"]
[Result "1-0"]
[Termination "normal"]
[Board "7"]
[WhiteElo "2263"]
[BlackElo "2256"]
[PlyCount "57"]
[WhiteFideId "4693922"]
[BlackFideId "4680952"]
[EventCountry "GER"]
[EventRounds "9"]
[EventType "swiss"]
[EventDate "2004.05.29"]

1. e4 c5 2. c3 Nf6 3. e5 Nd5 4. d4 cxd4 5. Nf3 e6 6. cxd4 b6 7. Bc4 Ba6 8. Bxd5
exd5 9. Nc3 Bc4 10. a3 d6 11. Bg5 Qc8 12. b3 Ba6 13. Nxd5 Qb7 14. Nc3 Nd7 15.
exd6 Bxd6 16. Ne2 Qe4 17. O-O O-O 18. Re1 Qg6 19. Ng3 Rfe8 20. Qd2 h6 21. Bf4
Bb7 22. Nh4 Qf6 23. Nhf5 Bf8 24. Rac1 Rxe1+ 25. Qxe1 Bxa3 26. Rc7 Bc6 27. b4
Bb5 28. Qc3 Qe6 29. d5 1-0

[Event "DEM U18 2004"]
[Site "Willingen GER"]
[Date "2004.06.01"]
[Round "5"]
[White "Werner, Daniel"]
[Black "Lohr, Matthias"]
[Result "1-0"]
[Termination "normal"]
[Board "8"]
[WhiteElo "2157"]
[BlackElo "2182"]
[PlyCount "79"]
[WhiteFideId "4662814"]
[BlackFideId "4692772"]
[EventCountry "GER"]
[EventRounds "9"]
[EventType "swiss"]
[EventDate "2004.05.29"]

1. e4 c5 2. Nf3 e6 3. d4 cxd4 4. Nxd4 Nf6 5. Nc3 Nc6 6. Ndb5 Bb4 7. a3 Bxc3+ 8.
Nxc3 d5 9. exd5 exd5 10. Bd3 O-O 11. O-O d4 12. Ne4 Bf5 13. Bg5 Bxe4 14. Bxe4
h6 15. Bxf6 Qxf6 16. Qf3 Qxf3 17. Bxf3 Ne5 18. Be4 Rad8 19. Rad1 b6 20. b3 f5
21. Bb7 Rf7 22. Ba6 Rc7 23. Rd2 Kh7 24. Re1 Rd5 25. h3 b5 26. Kh2 Ng6 27. c4
bxc4 28. Bxc4 Rd6 29. Re6 Rcd7 30. Re8 Rd8 31. Rxd8 Rxd8 32. Bd3 Rd5 33. g4
fxg4 34. hxg4 h5 35. Be4 Rg5 36. Rxd4 Rxg4 37. f3 Rg5 38. Rd6 a5 39. b4 axb4
40. axb4 1-0

[Event "DEM U18 2004"]
[Site "Willingen GER"]
[Date "2004.06.01"]
[Round "5"]
[White "Laßan, Christian"]
[Black "Roggon, Jacob"]
[Result "1/2-1/2"]
[Termination "normal"]
[Board "9"]
[WhiteElo "2074"]
[BlackElo "2041"]
[PlyCount "85"]
[WhiteFideId "4685997"]
[BlackFideId "4689550"]
[EventCountry "GER"]
[EventRounds "9"]
[EventType "swiss"]
[EventDate "2004.05.29"]

1. e4 c6 2. d4 d5 3. exd5 cxd5 4. c4 Nf6 5. Nc3 e6 6. Nf3 Bb4 7. Bd3 dxc4 8.
Bxc4 O-O 9. O-O b6 10. Bg5 Bb7 11. Qe2 Be7 12. Rfd1 Re8 13. Bxf6 Bxf6 14. Ne5
a6 15. Ne4 Nc6 16. Rac1 Nxd4 17. Nxf6+ Qxf6 18. Qe3 Nf5 19. Qf4 b5 20. Bb3 Rac8
21. h3 Rxc1 22. Rxc1 Qe7 23. Rd1 Rd8 24. Rxd8+ Qxd8 25. Nxf7 Kxf7 26. Qxf5+ Qf6
27. Bxe6+ Ke7 28. Qxf6+ Kxf6 29. Bg8 h6 30. Kf1 Ke5 31. f3 Kd4 32. Ke2 a5 33.
a3 b4 34. axb4 axb4 35. h4 Ba6+ 36. Kd2 Bb7 37. Bb3 Bc6 38. Bd1 Bb7 39. Be2 Bc6
40. Bd1 Bb7 41. Ba4 Bd5 42. Bb5 Bb7 43. Bd3 1/2-1/2

[Event "DEM U18 2004"]
[Site "Willingen GER"]
[Date "2004.06.01"]
[Round "5"]
[White "Engelmann, Jakob"]
[Black "Trapp, Sascha"]
[Result "0-1"]
[Termination "normal"]
[Board "10"]
[WhiteElo "1909"]
[BlackElo "1950"]
[PlyCount "62"]
[WhiteFideId "24619019"]
[EventCountry "GER"]
[EventRounds "9"]
[EventType "swiss"]
[EventDate "2004.05.29"]

1. e4 c5 2. Nc3 Nc6 3. f4 g6 4. Nf3 Bg7 5. d3 d6 6. g3 Nf6 7. Bg2 O-O 8. O-O
Rb8 9. h3 b5 10. g4 b4 11. Ne2 a5 12. Ng3 Ba6 13. g5 Nd7 14. h4 Qb6 15. Kh1 c4
16. h5 cxd3 17. cxd3 Nc5 18. Ne1 Qb5 19. h6 Bh8 20. Rf3 Nd4 21. Re3 Rfc8 22.
Ne2 Nce6 23. Nxd4 Nxd4 24. Rb1 b3 25. axb3 Nxb3 26. Nf3 Nxc1 27. Rxc1 Rxc1 28.
Qxc1 Bxb2 29. Qc7 a4 30. Qxe7 Qb7 31. Qxd6 Qb6 0-1

[Event "DEM U18 2004"]
[Site "Willingen GER"]
[Date "2004.06.01"]
[Round "5"]
[White "Röber, Jürgen"]
[Black "Peters, Stefan"]
[Result "0-1"]
[Termination "normal"]
[Board "11"]
[WhiteElo "2048"]
[BlackElo "1892"]
[PlyCount "128"]
[WhiteFideId "4697090"]
[EventCountry "GER"]
[EventRounds "9"]
[EventType "swiss"]
[EventDate "2004.05.29"]

1. e4 c5 2. c3 d5 3. exd5 Qxd5 4. Nf3 Nf6 5. d4 e6 6. Na3 Qd8 7. Bf4 Nc6 8. Bc4
a6 9. dxc5 Qxd1+ 10. Rxd1 Bxc5 11. Nc2 b5 12. Bb3 O-O 13. O-O Na5 14. Be3 Nxb3
15. axb3 Be7 16. Bg5 Bb7 17. Ne5 Rfd8 18. Nd4 Rac8 19. Rfe1 h6 20. Bh4 g5 21.
Bg3 Nh5 22. b4 Nxg3 23. hxg3 Rd5 24. Nb3 Rcd8 25. Rxd5 Rxd5 26. f4 Kg7 27. Kf2
Bd8 28. Ke2 f6 29. Nd3 Rd6 30. Rg1 Bd5 31. Ndc5 Bc4+ 32. Ke3 Bb6 33. Nd4 Kg6
34. b3 Bd5 35. Ra1 Bxg2 36. Ke2 Bh3 37. Nxa6 Bg4+ 38. Ke1 Bxd4 39. cxd4 gxf4
40. gxf4 Rxd4 41. Ra5 Rxf4 42. Rxb5 Re4+ 43. Kf2 Be2 44. Rb6 Bxa6 45. Rxa6 Rxb4
46. Rxe6 Rxb3 47. Ra6 h5 48. Ra5 h4 49. Kg2 f5 50. Ra6+ Kg5 51. Ra4 Re3 52. Rb4
Ra3 53. Kf2 h3 54. Kg1 Ra2 55. Kh1 Re2 56. Rb8 f4 57. Rg8+ Kh4 58. Rg7 f3 59.
Rg8 f2 60. Rh8+ Kg5 61. Rg8+ Kh6 62. Rf8 Re1+ 63. Kh2 f1=Q 64. Rf3 Qh1+ 0-1

[Event "DEM U18 2004"]
[Site "Willingen GER"]
[Date "2004.06.01"]
[Round "5"]
[White "Steinbrügge, Rene"]
[Black "Sbierski, Jan"]
[Result "0-1"]
[Termination "normal"]
[Board "12"]
[WhiteElo "1866"]
[BlackElo "1859"]
[PlyCount "74"]
[EventCountry "GER"]
[EventRounds "9"]
[EventType "swiss"]
[EventDate "2004.05.29"]

1. e4 Nf6 2. e5 Nd5 3. d4 d6 4. Nf3 g6 5. Bc4 Nb6 6. Bb3 Bg7 7. a4 a5 8. Qe2 d5
9. h3 O-O 10. O-O Nc6 11. Bf4 Bf5 12. c3 f6 13. Nbd2 Qc8 14. Rfe1 Kh8 15. g4
Bxg4 16. hxg4 Qxg4+ 17. Bg3 fxe5 18. Nxe5 Nxe5 19. dxe5 Qh3 20. Qf1 Qh6 21. Re3
Rf5 22. Nf3 Raf8 23. Qg2 c5 24. Kf1 g5 25. Ke2 Qc6 26. Bc2 d4 27. Be4 Nd5 28.
Rd3 Nxc3+ 29. bxc3 Qxe4+ 30. Kd2 Rxf3 31. Rxf3 Rxf3 32. Qf1 dxc3+ 33. Kc1 Qd4
34. Qe2 g4 35. Kc2 Qb4 36. Rb1 Qxa4+ 37. Kc1 Bh6+ 0-1

[Event "DEM U18 2004"]
[Site "Willingen GER"]
[Date "2004.06.01"]
[Round "5"]
[White "Willert, Christof"]
[Black "Mischke, Christian"]
[Result "1/2-1/2"]
[Termination "normal"]
[Board "13"]
[WhiteElo "1673"]
[BlackElo "1782"]
[PlyCount "63"]
[EventCountry "GER"]
[EventRounds "9"]
[EventType "swiss"]
[EventDate "2004.05.29"]

1. d4 Nf6 2. c4 e6 3. Nc3 d5 4. cxd5 Nxd5 5. e4 Nxc3 6. bxc3 Nd7 7. Nf3 c5 8.
Be3 Qc7 9. Be2 cxd4 10. cxd4 Bb4+ 11. Nd2 O-O 12. O-O Nb6 13. Rc1 Qe7 14. Bd3
e5 15. dxe5 Qxe5 16. f4 Qd6 17. Bb1 Bxd2 18. Bxd2 Qd4+ 19. Kh1 Rd8 20. Ba5 Qxd1
21. Rfxd1 Bg4 22. Re1 Rac8 23. Rxc8 Rxc8 24. Bxb6 axb6 25. h3 Bd7 26. Rd1 Bc6
27. Kh2 Kf8 28. Rd2 Ba4 29. Rb2 b5 30. Bd3 Rc5 31. Rb1 Ke7 32. Rb2 1/2-1/2

[Event "DEM U18 2004"]
[Site "Willingen GER"]
[Date "2004.06.02"]
[Round "6"]
[White "Meinhardt, Maximilian"]
[Black "Heinz, Axel"]
[Result "1/2-1/2"]
[Termination "normal"]
[Board "1"]
[WhiteElo "2285"]
[BlackElo "2244"]
[PlyCount "95"]
[WhiteFideId "4668766"]
[BlackFideId "4667557"]
[EventCountry "GER"]
[EventRounds "9"]
[EventType "swiss"]
[EventDate "2004.05.29"]

1. e4 c5 2. Nf3 e6 3. d4 cxd4 4. Nxd4 a6 5. Nc3 b5 6. Bd3 Qb6 7. Nf3 Nc6 8. O-O
d6 9. Be3 Qc7 10. Nd2 Nf6 11. f4 Be7 12. Qf3 O-O 13. Rae1 Bb7 14. Qh3 g6 15. g4
Rfe8 16. g5 Nd7 17. Rf3 Bf8 18. Qh4 Bg7 19. Rh3 Nf8 20. e5 Ne7 21. exd6 Qxd6
22. Nce4 Qc6 23. Nf6+ Bxf6 24. Be4 Bxg5 25. Qxg5 Qd7 26. Bxb7 Qxb7 27. Bd4 Nf5
28. Ne4 Nd7 29. Be5 f6 30. Nxf6+ Nxf6 31. Qxf6 Qg7 32. Qxg7+ Nxg7 33. Rd1 Re7
34. Rhd3 Kf7 35. Kf2 Nf5 36. Rd8 Rxd8 37. Rxd8 Re8 38. Rd7+ Re7 39. Rd8 Re8 40.
Rd7+ Re7 41. Rd3 Re8 42. Ke2 h6 43. Ra3 Rc8 44. c3 Rc6 45. Ra5 g5 46. a4 bxa4
47. Rxa4 g4 48. Kd3 1/2-1/2

[Event "DEM U18 2004"]
[Site "Willingen GER"]
[Date "2004.06.02"]
[Round "6"]
[White "Postojev, Alexander"]
[Black "Lammers, Markus"]
[Result "1/2-1/2"]
[Termination "normal"]
[Board "2"]
[WhiteElo "2150"]
[BlackElo "2148"]
[PlyCount "64"]
[WhiteFideId "4672186"]
[BlackFideId "4680847"]
[EventCountry "GER"]
[EventRounds "9"]
[EventType "swiss"]
[EventDate "2004.05.29"]

1. d4 Nf6 2. c4 c5 3. d5 e6 4. Nc3 exd5 5. cxd5 d6 6. e4 g6 7. h3 Bg7 8. Nf3
O-O 9. Bd3 b5 10. Nxb5 Re8 11. O-O Nxe4 12. Re1 a6 13. Na3 Nf6 14. Rxe8+ Nxe8
15. Bg5 Bf6 16. Qd2 Nd7 17. Nc4 Bb7 18. Be4 Rb8 19. Re1 Nb6 20. Nxb6 Qxb6 21.
Bxg6 fxg6 22. Rxe8+ Rxe8 23. Bxf6 Qc7 24. b3 Qf7 25. Bb2 Qxd5 26. Qc3 Re5 27.
Qa5 Qd1+ 28. Kh2 Bxf3 29. Bxe5 dxe5 30. gxf3 Qd6 31. Kg2 Kg7 32. Qa4 h6 1/2-1/2

[Event "DEM U18 2004"]
[Site "Willingen GER"]
[Date "2004.06.02"]
[Round "6"]
[White "Degtiarev, Jewgeni"]
[Black "Jovalekic, Oliver"]
[Result "1-0"]
[Termination "normal"]
[Board "3"]
[WhiteElo "2284"]
[BlackElo "2164"]
[PlyCount "89"]
[WhiteFideId "4149610"]
[BlackFideId "4682530"]
[EventCountry "GER"]
[EventRounds "9"]
[EventType "swiss"]
[EventDate "2004.05.29"]

1. d4 e6 2. c4 c5 3. d5 exd5 4. cxd5 d6 5. Nc3 g6 6. e4 Bg7 7. Nge2 Ne7 8. Bf4
O-O 9. Qd2 f5 10. Ng3 b6 11. a4 Na6 12. Bc4 Nb4 13. e5 Bb7 14. O-O-O a6 15.
exd6 Nc8 16. d7 Qxd7 17. d6+ Kh8 18. Rhe1 b5 19. Be6 Qd8 20. Be5 Nb6 21. Bxg7+
Kxg7 22. Qe3 f4 23. Qe5+ Qf6 24. Qxc5 fxg3 25. Qxb6 gxf2 26. Qxb7+ Kh8 27. Rf1
Qxe6 28. Qe4 Na2+ 29. Kc2 Qf7 30. Qe5+ Kg8 31. Nd5 Nb4+ 32. Nxb4 Qc4+ 33. Qc3
Qe4+ 34. Kb3 a5 35. Rd4 bxa4+ 36. Ka2 Qe2 37. Nd5 Qxf1 38. Ne7+ Kf7 39. Rf4+
Ke6 40. Re4+ Kf7 41. Rf4+ Ke6 42. Qh3+ Kxd6 43. Rd4+ Ke5 44. Qe3+ Kf6 45. Rf4+
1-0

[Event "DEM U18 2004"]
[Site "Willingen GER"]
[Date "2004.06.02"]
[Round "6"]
[White "Eisenbeiser, Amadeus"]
[Black "Döhn, Raphael"]
[Result "1-0"]
[Termination "normal"]
[Board "4"]
[WhiteElo "2229"]
[BlackElo "2052"]
[PlyCount "53"]
[WhiteFideId "4678338"]
[BlackFideId "4695291"]
[EventCountry "GER"]
[EventRounds "9"]
[EventType "swiss"]
[EventDate "2004.05.29"]

1. e4 c5 2. Nf3 d6 3. d4 cxd4 4. Nxd4 Nf6 5. Nc3 a6 6. Bc4 e6 7. Bb3 Nbd7 8. f4
Nc5 9. e5 dxe5 10. fxe5 Nfd7 11. Bf4 Be7 12. Qg4 g5 13. Bg3 Nf8 14. O-O-O Qc7
15. Rhf1 h5 16. Qf3 Rh7 17. Ne4 Nxe4 18. Qxe4 Bd7 19. Rf3 O-O-O 20. Rc3 Bc5 21.
Bf2 Kb8 22. Nb5 Bxb5 23. Rxd8+ Qxd8 24. Bxc5 f5 25. exf6 Rd7 26. Qe1 Ng6 27.
Bxe6 1-0

[Event "DEM U18 2004"]
[Site "Willingen GER"]
[Date "2004.06.02"]
[Round "6"]
[White "Krämer, Martin"]
[Black "Fiebig, Thomas"]
[Result "1-0"]
[Termination "normal"]
[Board "5"]
[WhiteElo "2243"]
[BlackElo "2263"]
[PlyCount "57"]
[WhiteFideId "4671910"]
[BlackFideId "4693922"]
[EventCountry "GER"]
[EventRounds "9"]
[EventType "swiss"]
[EventDate "2004.05.29"]

1. e4 e6 2. d4 d5 3. Nd2 c5 4. exd5 Qxd5 5. Ngf3 cxd4 6. Bc4 Qd6 7. O-O Nf6 8.
Nb3 Nc6 9. Nbxd4 Nxd4 10. Qxd4 Qxd4 11. Nxd4 a6 12. Bf4 b5 13. Be2 Nd5 14. Be5
f6 15. Bg3 Bc5 16. Rad1 Kf7 17. c4 bxc4 18. Bxc4 Nb6 19. Bb3 Rd8 20. Nf5 Bb7
21. Bd6 Nd5 22. Bxc5 exf5 23. Rd3 Rac8 24. Bb4 f4 25. Re1 Rd7 26. h4 Bc6 27.
Rc1 Ke6 28. Rc5 Ke5 29. Bxd5 1-0